000 00648nam a2200205Ii 4500
003 JO-AjNU
008 230605s9999||||xx |||||||||||||| ||und||
017 _a1985/7390
040 _aJO-AjNU
_bara
_erda
_cJO-AjNU
041 _aara
050 1 4 _aTR50.A983 1993
100 3 _aنجيب، عزالدين محمد ,
_eauthor
_913496
245 0 0 _aالفنون العلمية المسلية
264 3 1 _aالقاهرة: دار المعارف، 1996
300 _a238ص
336 _atext
_btxt
_2rdacontent
337 _aunmediated
_bn
_2rdamedia
338 _avolume
_bnc
_2rdacarrier
650 4 _aالفنون العلمية المسلية
_913497
999 _aA3376
_c6944
_d6944